Responses for show #6858 - Wednesday, June 11, 2014

Contestants

Sari Laufer, a rabbi from New York, New York

Darren O'Connor, a police officer from Norfolk, Virginia

Molly Lalonde, a pediatric nurse practitioner student from Nashville, Tennessee (whose 4-day cash winnings total $53,300)

Jeopardy! Round responses

YOUR HORROR-SCOPE
A POTPOURRI OF HISTORY
RECORD OF THE YEAR GRAMMYS
SCANDINAVIAN FIRST NAMES
THE NATO PHONETIC ALPHABET
A "TON" OF CITIES
    $200 30
Capricorn

Darren
    $200 1
the Magna Carta

Sari
    $200 9
Adele

Sari
    $200 16
Ingrid

Darren
    $200 7
(Alex: You thank the Motion Picture Academy for an [*]. The letter is "O.")

Oscar

Triple Stumper
    $200 2
Washington, D.C.

Darren
    $400 29
Pisces

Molly
    $400 3
Bucharest

Triple Stumper
    $400 10
Tina Turner

Darren
    $400 17
Knute

Sari
    $400 8
foxtrot (or tango)

Molly
    $400 11
Lexington, Kentucky

Triple Stumper
    $600 24
Aquarius

Molly
    $600 4
Ramses (the Great)

Sari
    $600 13
U2

Sari
    $600 12
Roald

Molly
    $600 21
India

Triple Stumper
    $600 18
Dayton

Triple Stumper
    $800 27
Scorpio

Molly
    $800 5
ivory

Sari
    $800 14
Eric Clapton

Sari
    $800 25
Astrid

Triple Stumper
    $800 22
Zulu

Darren
    $1,200 19
Winston-Salem

Sari
    $1000 28
Libra

Molly
    $1000 6
Rothschild

Darren
    $1000 15
Green Day

Molly
    $1000 26
Anders

Darren
    $1000 23
(Alex: [*]. "P," yes.)

Papa

Darren
    $1000 20
Bloomington

Sari

Scores at the first commercial break (after clue 15):

Molly Darren Sari
$2,000 $1,600 $3,200

Scores at the end of the Jeopardy! Round:

Molly Darren Sari
$4,800 $4,800 $5,800

Double Jeopardy! Round responses

THE HULK, SHAKESPEARE SCHOLAR
TRANSPORTATION
BIRD ORIGINS
FAMOUS VOICES
CZECHS MIX
2-"TO"-2
(Alex: Each correct response will be made up of 6 letters but the "to" will come right in the middle.)
    $400 1
Romeo and Juliet

Molly
    $400 15
New York

Molly
    $400 16
pigeon

Molly
    $400 6
"ho, ho, ho"

Sari
    $400 29
the Austro-Hungarian Empire

Sari
    $400 30
Motown

Sari
    $800 2
The Tempest

Sari
    $800 20
the Prius

Sari
    $800 17
buzzard

Darren
    $800 10
Tony the Tiger

Molly
    $800 9
the Communist Party

Triple Stumper
    $800 7
detour

Sari
    $1200 3
Falstaff

Molly
    $1200 23
engine

Sari
    $1200 14
an eagle

Sari
    $2,000 11
(Molly: Who is [*] [pronounced "blangk"]?)
(Alex: [chuckles] Yes, [*] [pronounced "blank"].)
(Molly: "Blank". Okay.)
(Alex: He was not French.)
[Molly chuckles]

Mel Blanc

Molly
    $1200 27
Bohemia

Darren
    $1200 8
extort

Darren
    $4,000 4
Othello

Molly
    $1600 22
Wells Fargo

Darren
    $1600 18
ostrich

Darren
    $1600 12
Tom Waits

Darren
    $1600 26
a golem

Sari
    $1600 25
uptown

Darren
    $2000 5
King Lear

Triple Stumper
    $2000 21
a hovercraft

Darren
    $2000 19
cockatoo

Darren
    $2000 13
Optimus Prime

Darren
    $2000 28
the Sudetenland

Darren
    $2000 24
a retort

Sari

Scores at the end of the Double Jeopardy! Round:

Molly Darren Sari
$14,000 $22,400 $15,400

[wagering suggestions for these scores]

Final Jeopardy! Round responses

CAPITAL CITY WORDPLAY
MollyWhat are Moscow + ?
$0
SariWhat are Istanbul &
$7,001
DarrenWhat
$8,000
Canberra & Ankara

Final scores:

Molly Darren Sari
$14,000 $14,400 $8,399
2nd place: $2,000 New champion: $14,400 3rd place: $1,000

Game dynamics:

Coryat scores:

Molly Darren Sari
$10,800 $22,400 $15,000
14 R
(including 2 DDs),
0 W
19 R,
0 W
19 R
(including 1 DD),
0 W

Combined Coryat: $48,200

The J! Archive is created by fans, for fans. The Jeopardy! game show and all elements thereof, including but not limited to copyright and trademark thereto, are the property of Jeopardy Productions, Inc. and are protected under law. This website is not affiliated with, sponsored by, or operated by Jeopardy Productions, Inc. Join the discussion at JBoard.tv.